00713nam a2200193 i 4500001000700000003000900007005001700016007000300033008004100036100004000077245007700117260003500194300004000229490003300269830004700302852003100349999001900380952012000399135523ES-MaACL20250910183113.0t|170719s1977 sp ||||1| cat d1 aTorrent i Fàbregas, Joan.911083810aJacint Verdaguer b: resum. biografic / cper Joan Torrent i Fábregas. aBarcelona : bBarcino, c1977. a89 p., 10 lám. : bil. ; c16 cm.1 aCol. Popular Barcino ; v1500 aCol·lecció popular Barcinov1509229864 aES-MaACLjA-7934 bR.96744 c135523d135523 00104070aATENEOMbATENEOMcSPP1d2008-01-17eSCl0oA-7934p1141050r2023-02-23 00:00:00w2023-02-23yMONOGRAFIA